Statistics for John Mayer Charting Songs (Billboard Hot 100)

Click here to take the quiz!

General Stats

  • This quiz has been taken 30 times
    (19 since last reset)
  • The average score is 7 of 22

Answer Stats

AlbumWeeks OnPeakArtist(s)Song% Correct
Room for Squares29 Weeks#18John MayerYour Body is a Wonderland
94%
Continuum40 Weeks#14John MayerWaiting on the World to Change
76%
Continuum4 Weeks#71John MayerGravity
76%
Battle Studies20 Weeks#25John Mayer ft. Taylor SwiftHalf of My Heart
53%
Paradise Valley2 Weeks#48John Mayer ft. Katy PerryWho You Love
47%
Heavier Things23 Weeks#19John MayerDaughters
47%
Battle Studies20 Weeks#34John MayerHeartbreak Warfare
47%
Continuum28 Weeks#12John MayerSay
41%
Battle Studies8 Weeks#17John MayerWho Says
35%
Where the Light Is10 Weeks#51John MayerFree Fallin
29%
Heavier Things20 Weeks#33John MayerBigger Than My Body
24%
Room for Squares24 Weeks#13John MayerNo Such Thing
24%
The Search For Everything2 Weeks#53John MayerLove on the Weekend
18%
Paradise Valley3 Weeks#85John MayerWildfire
18%
Live in Phoenix7 Weeks#19Fall Out Boy ft. John MayerBeat It
12%
Born and Raised3 Weeks#42John MayerShadow Days
12%
Non-Album Single1 Week#90John MayerXO
12%
Try!1 Week#92John Mayer TrioWho Did You Think I Was
12%
Free Spirit1 Week#58Khalid with John MayerOutta My Head
6%
Paradise Valley1 Week#77John MayerPaper Doll
6%
Non-Album Single1 Week#94John MayerI Guess I Just Feel Like
6%
Continuum2 Weeks#99John MayerDreaming with a Broken Heart
6%

Score Distribution

Percentile by Number Answered

Percent of People with Each Score

Your Score History

You have not taken this quiz since the last reset